<?xml version="1.0" encoding="UTF-8"?>
<collection xmlns="http://www.loc.gov/MARC21/slim">
 <record>
  <leader>01023nam a2200277 a 4500</leader>
  <controlfield tag="001">883018</controlfield>
  <controlfield tag="008">090822s1981    cau      b    001 0 eng d</controlfield>
  <datafield tag="010" ind1=" " ind2=" ">
   <subfield code="a">   80026985 </subfield>
  </datafield>
  <datafield tag="020" ind1=" " ind2=" ">
   <subfield code="a">0875894917</subfield>
  </datafield>
  <datafield tag="020" ind1=" " ind2=" ">
   <subfield code="a">1555424457</subfield>
  </datafield>
  <datafield tag="040" ind1=" " ind2=" ">
   <subfield code="a">DLC</subfield>
   <subfield code="c">DLC</subfield>
   <subfield code="d">DLC</subfield>
  </datafield>
  <datafield tag="082" ind1="0" ind2="0">
   <subfield code="a">374</subfield>
   <subfield code="2">19</subfield>
  </datafield>
  <datafield tag="100" ind1="1" ind2=" ">
   <subfield code="a">Cross, K. Patricia</subfield>
   <subfield code="q">(Kathryn Patricia),</subfield>
   <subfield code="d">1926-</subfield>
  </datafield>
  <datafield tag="245" ind1="1" ind2="0">
   <subfield code="a">Adults as learners :</subfield>
   <subfield code="b">increasing participation and facilitating learners /</subfield>
   <subfield code="c">K. Patricia Cross.</subfield>
  </datafield>
  <datafield tag="250" ind1=" " ind2=" ">
   <subfield code="a">1st ed.</subfield>
  </datafield>
  <datafield tag="260" ind1=" " ind2=" ">
   <subfield code="a">San Francisco :</subfield>
   <subfield code="b">Jossey-Bass,</subfield>
   <subfield code="c">1981.</subfield>
  </datafield>
  <datafield tag="300" ind1=" " ind2=" ">
   <subfield code="a">xxvi, 300 p. ;</subfield>
   <subfield code="c">24 cm.</subfield>
  </datafield>
  <datafield tag="490" ind1="0" ind2=" ">
   <subfield code="a">The Jossey-Bass series in higher education</subfield>
  </datafield>
  <datafield tag="504" ind1=" " ind2=" ">
   <subfield code="a"> Includes Bibliography (p. 265-287.) and index.</subfield>
  </datafield>
  <datafield tag="541" ind1="1" ind2=" ">
   <subfield code="e">00005160</subfield>
  </datafield>
  <datafield tag="650" ind1=" " ind2="0">
   <subfield code="a">Adult education.</subfield>
  </datafield>
  <datafield tag="650" ind1=" " ind2="0">
   <subfield code="a">Continuing education.</subfield>
  </datafield>
  <datafield tag="852" ind1="4" ind2=" ">
   <subfield code="a">Ayesha Abed Library</subfield>
   <subfield code="j">General shelf </subfield>
  </datafield>
  <datafield tag="942" ind1="0" ind2="0">
   <subfield code="0">1</subfield>
  </datafield>
  <datafield tag="999" ind1=" " ind2=" ">
   <subfield code="c">3321</subfield>
   <subfield code="d">3321</subfield>
  </datafield>
  <datafield tag="952" ind1=" " ind2=" ">
   <subfield code="0">0</subfield>
   <subfield code="1">0</subfield>
   <subfield code="2">ddc</subfield>
   <subfield code="4">0</subfield>
   <subfield code="6">374_CRO_198100000000000</subfield>
   <subfield code="7">0</subfield>
   <subfield code="8">NFIC</subfield>
   <subfield code="9">3012</subfield>
   <subfield code="a">BRACUL</subfield>
   <subfield code="b">BRACUL</subfield>
   <subfield code="c">GEN</subfield>
   <subfield code="d">2009-08-31</subfield>
   <subfield code="g">1692.00</subfield>
   <subfield code="l">2</subfield>
   <subfield code="m">30</subfield>
   <subfield code="o">374 CRO</subfield>
   <subfield code="p">3010005160</subfield>
   <subfield code="r">2015-10-20</subfield>
   <subfield code="s">2015-10-05</subfield>
   <subfield code="t">1</subfield>
   <subfield code="w">2009-08-31</subfield>
   <subfield code="y">BK</subfield>
  </datafield>
 </record>
</collection>
